Michael Gough Filmography - Statistics

General Stats
  • This quiz has been taken 2 times
  • The average score is 7 of 376
Answer Stats
Type Year Name % Correct
TV Film 1966 Alice in Wonderland
100%
Theater 1966-1967 Alice in Wonderland
100%
Film 2010 Alice in Wonderland
100%
Film 1989 Batman
50%
Film 1995 Batman Forever
50%
Film 1992 Batman Returns
50%
Film 1997 Batman & Robin
50%
Film 2005 Corpse Bride
50%
Film 1971 Crucible of Horror
50%
Theater 1951, 1974-1976 Hamlet
50%
Film 1999 Sleepy Hollow
50%
Theater 1995-1996 Absolute Hell
0%
TV Film 1984 A Christmas Carol
0%
TV Mini-Series 1989 After the War
0%
TV Mini-Series 1987 A Killing on the Exchange
0%
Theater 1995-1996 Alice's Adventures Underground
0%
Theater 1995-1997 A Little Night Music
0%
Theater 1981 Amadeus
0%
Theater 1978 American Buffalo
0%
Commercial 1997 Amoco
0%
Theater 1981 A Month in the Country
0%
TV Film 1946 Androcles and the Lion
0%
TV Film 1951 Androcles and the Lion
0%
TV Show 1983 Andy Robson
0%
Film 1948 Anna Karenina
0%
Theater 1983 A Patriot for Me
0%
Theater 1982-1984 Aren't We All?
0%
TV Show 1956, 1959 Armchair Theatre
0%
TV Film 1983 Arthur the King
0%
TV Show 1956 Assignment Foreign Legion
0%
TV Film 1995 A Village Affair
0%
Film 1969 A Walk with Love and Death
0%
Theater 1977 Babel's Dancer
0%
TV Show 1982 Barriers
0%
TV Show 1966 BBC Play of the Month
0%
TV Show 1951, 1956 BBC Sunday-Night Theatre
0%
Theater 1975-1979 Bedroom Farce
0%
Theater 1980 Before the Party
0%
Film 1967 Berserk
0%
Theater 1978 Betrayal
0%
Theater 1939 Billeted
0%
TV Mini-Series 1989 Blackeyes
0%
Film 1951 Blackmailed
0%
Film 1963 Black Zoo
0%
TV Show 1980 Blake's 7
0%
Film 1948 Blanche Fury
0%
Theater 1996-1997 Blinded by the Sun
0%
Theater 1977 Blithe Spirit
0%
Theater 1996-1997 Blue Remembered Hills
0%
TV Show 1990 Boon
0%
Theater 1978 Brand
0%
Theater 1986-1988 Breaking the Code
0%
TV Mini-Series 1981 Brideshead Revisited
0%
Theater 1995-1996 Broken Glass
0%
Theater 1946 But for the Grace of God
0%
Film 1962 Candidate for Murder
0%
Film 1986 Caravaggio
0%
TV Show 1975, 1976 Centre Play
0%
TV Show 1991 Children of the North
0%
TV Show 1972 Colditz
0%
Theater 1951-1952 Colombe
0%
Theater 1974-1976 Comedians
0%
TV Show 1968 Contrasts
0%
Theater 1976-1977 Counting the Ways
0%
Theater 1959 Creditors
0%
TV Film 1949 Crime Passionel
0%
TV Show 1973, 1979, 1983 Crown Court
0%
TV Film 1982 Cymbeline
0%
Theater 1995-1996 Cyrano
0%
TV Special 2003 Dame Edna Live at the Palace
0%
TV Show 1959 Dancers in Mourning
0%
Theater 1995-1996 Dealer's Choice
0%
Theater 1996-1997 Death of a Salesman
0%
TV Show 1968 Detective
0%
Theater 1977 Devil Is an Ass
0%
Commercial 1989 Diet Coke
0%
TV Show 1966, 1983 Doctor Who
0%
Theater 1977 Don Giovanni
0%
Theater 1981 Don Juan
0%
Theater 1981 Don Juan
0%
Theater 1978 Don Juan Comes Back from the War
0%
TV Show 1962 Drama 61-67
0%
Film 1965 Dr. Terror's House of Horrors
0%
Theater 1939 Eliza Comes to Stay
0%
Theater 1996-1997 Elsinore
0%
Theater 1974-1976 Engaged
0%
Theater 1974-1976 Equus
0%
Theater 1949 Fading Mansion
0%
Theater 1996-1997 Fair Ladies at a Game of Cards
0%
TV Mini-Series 1974 Fall of Eagles
0%
TV Film 1956 Fanny
0%
Theater 1956-1957 Fanny
0%
TV Show 1968 For Amusement Only
0%
Theater 1939 French Leave
0%
Theater 1996-1997 Frogs
0%
Film 1975 Galileo
0%
TV Show 1986 Gallery
0%
Film 1965 Game for Three Losers
0%
Theater 1972 Ghosts
0%
Theater 1974-1976 Grand Manoeuvres
0%
Theater 1996-1997 Guys and Dolls
0%
Theater 1977-1978 Half-Life
0%
Film 1950 Ha'penny Breeze
0%
Theater 1974-1977 Happy Days
0%
Theater 1981 Harlequinade
0%
Theater 1978 Has 'Washington' Legs
0%
TV Pilot 1983 Heartattack Hotel
0%
Theater 1974-1976 Heartbreak House
0%
Film 1972 Henry VIII and His Six Wives
0%
Theater 1978 Herold
0%
Theater 1981 Hiawatha
0%
TV Show 1985 Hilary
0%
Film 1973 Horror Hospital
0%
Film 1958 Horror of Dracula
0%
Film 1959 Horrors of the Black Museum
0%
Film 1949 Hour of Glory
0%
Theater 1976 Il Campiello
0%
Film 1961 I Like Money
0%
TV Film 1982 Inside the Third Reich
0%
TV Show 1987 Inspector Morse
0%
TV Show 1976 It's Childsplay
0%
Short Film 1988 It's OK to Say No to Drugs
0%
TV Show 1974 ITV Playhouse
0%
TV Show 1955, 1957, 1959, 1961 ITV Play of the Week
0%
TV Show 1955-1956, 1958 ITV Television Playhouse
0%
TV Show 1974-1975 Jackanory
0%
TV Mini-Series 1974 Jennie: Lady Randolph Churchill
0%
Theater 1974-1976, 1996-1997 John Gabriel Borkman
0%
TV Show 1968 Journey to the Unknown
0%
Theater 1974-1977 Judgement
0%
Theater 1962 Judith
0%
Film 1970 Julius Caesar
0%
Web Series 2011 Katarina's Nightmare Theater
0%
TV Show 1971 Kate
0%
Theater 1974 King Lear
0%
Film 1961 Konga
0%
TV Film 1985 Lace II
0%
TV Show 1986 Ladies in Charge
0%
Theater 1995-1996 La Grande Magia
0%
Film 1978 L'amour en Question
0%
Theater 1978 Lark Rise
0%
TV Show 1974 Late Night Drama
0%
Theater 1977-1978 Lavender Blue
0%
Film 1991 Let Him Have It
0%
Theater 1987 Let Us Go Then You and I
0%
TV Show 1976 Life and Death of Penelope
0%
Theater 1996-1997 Light Shining in Buckinghamshire
0%
TV Show 1956 Lilli Palmer Theatre
0%
Theater 1978 Lost Worlds
0%
Theater 1978 Love Letters on Blue Paper
0%
Theater 1978 Macbeth
0%
Theater 1965 Maigret and the Lady
0%
Theater 1981 Man and Superman
0%
Theater 1996-1997 Mary Stuart
0%
Film 1987 Maschenka
0%
TV Film 1950 Master of Arts
0%
Commercial 1981 McVitie's Digestive Biscuits
0%
Theater 1977, 1981 Measure for Measure
0%
Film 1984 Memed My Hawk
0%
TV Show 1974 Microbes and Men
0%
TV Mini-Series 1984 Mistral's Daughter
0%
Film 1959 Model for Murder
0%
TV Show 1973 Moonbase 3
0%
Theater 1995-1997 Mother Courage and Her Children
0%
Theater 1977 Motocar
0%
TV Show 1989 Mystery!: Campion
0%
Theater 1977 Nas Palabras
0%
Theater 1957 New Playwrights 1957
0%
Film 1957 Night Ambush
0%
Film 1951 Night Was Our Friend
0%
Theater 1974-1976 No Man's Land
0%
Film 1961 No Place Like Homicide!
0%
Film 1951 No Resting Place
0%
Film 1994 Nostradamus
0%
TV Mini-Series 1974 Notorious Woman
0%
Documentary Series 1969, 1972, 1974, 1981 Omnibus
0%
Film 1968 One Night... a Train
0%
Commercial 2000-2002 OnStar
0%
TV Show 1966-1967 Orlando
0%
Theater 1981 Othello
0%
Film 1985 Out of Africa
0%
Theater 1995-1996 Out of a House Walked a Man
0%
Film 1984 Oxford Blues
0%
Theater 1975-1976 Phaedra Britannica
0%
TV Show 1982 Play for Today
0%
Theater 1978 Plenty
0%
Theater 1974-1976, 1978 Plunder
0%
TV Show 1967 Pride and Prejudice
0%
TV Mini-Series 1974 QB VII
0%
Short Film 1988 Rarg
0%
Film 1956 Reach for the Sky
0%
TV Show 1961 Rendezvous
0%
TV Show 1954 Rheingold Theatre
0%
Theater 1960 Rhinoceros
0%
Theater 1995-1997 Richard II
0%
Film 1955 Richard III
0%
Theater 1977 Richard III
0%
Film 1953 Rob Roy: The Highland Rogue
0%
Theater 1958 Roseland
0%
Theater 1995-1997 Rosencrantz and Guildenstern Are Dead
0%
Film 1948 Saraband
0%
Film 1976 Satan's Slave
0%
Film 1972 Savage Messiah
0%
TV Show 1989 Screen One
0%
TV Show 1987 Screenplay
0%
TV Show 1986 Screen Two
0%
TV Show 1966-1974 Seeing and Believing
0%
Theater 1948-1949 September Tide
0%
Theater 1981 Serjeant Musgrave's Dance
0%
TV Show 1976 Shades of Greene
0%
TV Show 1955 Sherlock Holmes
0%
TV Mini-Series 1974 Shoulder to Shoulder
0%
Theater 1977-1978 Sir Gawain and the Green Knight
0%
Theater 1977 Sir Is Winning
0%
Theater 1981 Sisterly Feelings
0%
Theater 1995-1996 Skylight
0%
TV Mini-Series 1991 Sleepers
0%
TV Mini-Series 1982 Smiley's People
0%
Theater 1958 Something to Hide
0%
TV Show 1972 Spy Trap
0%
TV Show 1954 Stage by Stage
0%
Theater 1995-1997 Stanley
0%
Film 1998 St. Ives
0%
Theater 1938 Story of an American Farm
0%
TV Show 1982 Strangers
0%
Film 1989 Strapless
0%
Theater 1978 Strife
0%
TV Film 1979 Suez 1956
0%
TV Show 1965 Sunday Night
0%
TV Show 1975 Sutherland's Law
0%
Theater 1977 Tales from the Vienna Woods
0%
Film 1963 Tamahine
0%
Theater 1976-1977 Tamburlaine
0%
TV Show 1975 Ten from the Twenties
0%
Documentary Mini-Series 1988 Ten Great Writers of the Modern World
0%
TV Show 1960 The Adventures of Robin Hood
0%
TV Show 1996 The Adventures of Young Indiana Jones
0%
TV Film 1996 The Adventures of Young Indiana Jones: Travels with Father
0%
Film 1993 The Advocate
0%
TV Mini-Series 1982 The Agatha Christie Hour
0%
Film 1993 The Age of Innocence
0%
Theater 1944-1945 The Alchemist
0%
TV Show 1964, 1965, 1967 Theatre 625
0%
TV Show 1965, 1967 The Avengers
0%
TV Film 1984 The Biko Inquest
0%
Theater 1995-1996 The Blue Ball
0%
Film 1978 The Boys from Brazil
0%
Theater 1981 The Browning Version
0%
Theater 1955 The Burning Boat
0%
Theater 1954 The Burning Glass
0%
TV Film 1984 The Cantor of St Thomas's
0%
Theater 1981 The Caretaker
0%
TV Show 1968 The Champions
0%
Theater 1978, 1989-1990 The Cherry Orchard
0%
Film 1999 The Cherry Orchard
0%
Theater 1995-1996 The Children's Hour
0%
TV Mini-Series 1983 The Citadel
0%
TV Show 1964 The Count of Monte Cristo
0%
Theater 1977-1978 The Country Wife
0%
Film 1968 The Crimson Cult
0%
Theater 1996-1997 The Cripple of Inishmaan
0%
Theater 1996-1997 The Designated Mourner
0%
TV Show 1991 The Diamond Brothers
0%
Theater 1978 The Double Dealer
0%
Film 1983 The Dresser
0%
TV Show 1960 The DuPont Show of the Month
0%
TV Show 1962, 1965 The Edgar Wallace Mystery Theatre
0%
Theater 1981 The Elephant Man
0%
Theater 1996-1997 The Ends of the Earth
0%
Theater 1977 The Fall of the House of Usher
0%
Theater 1959-1960 The Fighting Cock
0%
Theater 1977 The Force of Habit
0%
Film 1987 The Fourth Protocol
0%
Film 1990 The Garden
0%
Film 1971 The Go-Between
0%
TV Show 1992 The Good Guys
0%
Documentary Mini-Series 1964 The Great War
0%
Theater 1977-1978 The Guardsman
0%
TV Film 1995 The Haunting of Helen Walker
0%
Theater 1963-1964 The Hollow Crown
0%
Theater 1996-1997 The Homecoming
0%
Film 1958 The Horse's Mouth
0%
Film 1957 The House in the Woods
0%
Theater 1977-1978 The Hunchback of Notre Dame
0%
Theater 1954 The Immoralist
0%
Theater 1977-1978 The Lady from Maxim's
0%
Theater 1948 The Lady's Not for Burning
0%
Film 1973 The Legend of Hell House
0%
Theater 1981, 1994 The Life of Galileo
0%
TV Show 1986-1987 The Little Vampire
0%
TV Pilot 1954 The Lover
0%
Theater 1995-1996 The Machine Wreckers
0%
Theater 1977-1978 The Madras House
0%
Theater 1977 The Magic Drum
0%
TV Show 1972 The Main Chance
0%
Film 1975 The Man from Nowhere
0%
TV Show 1965 The Man in Room 17
0%
Film 1951 The Man in the White Suit
0%
Theater 1995-1996 The Man Who
0%
TV Film 1972 The Man Who Came to Dinner
0%
Theater 1995-1996 The Merry Wives of Windsor
0%
Theater 1977 The Metamorphosis
0%
Theater 1974-1976 The Misanthrope
0%
Theater 1981 The Nativity
0%
TV Documentary 2004 The Nile
0%
Theater 1996-1997 The Oedipus Plays
0%
Theater 1977 The Passion
0%
TV Film 1957 The Peaceful Inn
0%
Film 1962 The Phantom of the Opera
0%
Theater 1978 The Philanderer
0%
Theater 1974-1976 The Playboy of the Western World
0%
Theater 1977-1978 The Plough and the Stars
0%
Theater 1966-1967 The Prime of Miss Jean Brodie
0%
Theater 1996-1997 The Prince's Play
0%
Theater 1954 The Prisoner
0%
TV Show 1972 The Protectors
0%
Theater 1981 The Provok'd Wife
0%
Theater 1996-1997 The Red Balloon
0%
Theater 1945-1946 The Rivals
0%
TV Show 1973 The Rivals of Sherlock Holmes
0%
Theater 1981 The Romans in Britain
0%
TV Show 1964 The Saint
0%
TV Mini-Series 1971 The Search for the Nile
0%
Film 1988 The Serpent and the Rainbow
0%
Theater 1996-1997 The Seven Streams of the River Ota
0%
TV Film 1989 The Shell Seekers
0%
Film 1965 The Skull
0%
Theater 1977-1978 The State of Revolution
0%
Film 1999 The Strange Case of Delfina Potocka: The Mystery of Chopin
0%
Film 1953 The Sword and the Rose
0%
Theater 1981 The Ticket-of-Leave Man
0%
TV Show 1995 The Twisted Tales of Felix the Cat
0%
TV Film 1957 The Two Mrs. Carrolls
0%
Theater 1952 The Vortex
0%
Short Film 1991 The Wanderer
0%
Theater 1995-1997 The Way of the World
0%
Theater 1950 The Way Things Go
0%
Short Film 1998 The Whisper
0%
Theater 1956 The Wild Duck
0%
Theater 1995-1996 The Wind in the Willows
0%
Theater 1978 The Woman
0%
Theater 1978 The World Turned Upside Down
0%
Film 1967 They Came from Beyond Space
0%
Theater 1938 The Zeal of the House
0%
TV Show 1961 Thirty Minute Theatre
0%
TV Show 1968 Thirty-Minute Theatre
0%
Documentary Series 2000 This Is Your Life
0%
Theater 1960 This Year, Next Year
0%
Theater 1940 Thunder Rock
0%
Film 1984 Top Secret!
0%
TV Film 1983 To the Lighthouse
0%
TV Show 1968 Treasure Island
0%
Theater 1976 Tribute to the Lady: An Impression of the Life and Work of Lilian Baylis
0%
Film 1970 Trog
0%
Film 1953 Twice Upon a Time
0%
Theater 1995-1996 Two Weeks with the Queen
0%
Film 1994 Uncovered
0%
Theater 1995-1996 Under Milk Wood
0%
TV Show 1965 Undermind
0%
Film 1981 Venom
0%
TV Show 1968 Viewpoint
0%
Theater 1995-1996 Violin Time
0%
Theater 1977, 1995-1997 Volpone
0%
Theater 1996-1997 War and Peace
0%
Theater 1976 Watch It Come Down
0%
Theater 1981 Watch on the Rhine
0%
TV Show 1953 Wednesday Theatre
0%
Film 1998 What Rats Won't Do
0%
Theater 1995-1996 What the Butler Saw
0%
TV Film 1949 Whitehall Wonders
0%
Theater 1995-1997 Wild Oats
0%
TV Film 1982 Witness for the Prosecution
0%
Film 1993 Wittgenstein
0%
Film 1969 Women in Love
0%
Theater 1995-1996 Women of Troy
0%
TV Mini-Series 1959 World Theatre
0%
No matching quizzes found
Score Distribution
Percent of People with Each Score
Percentile by Number Answered
Your Score History
You have not taken this quiz